International seminar on negotiating interventions in South East Asia: programme (Record no. 15927)

MARC details
000 -LEADER
fixed length control field 00375nam a2200121Ia 4500
082 ## - DEWEY DECIMAL CLASSIFICATION NUMBER
Classification number 303.406 NEG-I
100 ## - MAIN ENTRY--AUTHOR NAME
Personal name Arunachal Institute of Tribal
245 #0 - TITLE STATEMENT
Title International seminar on negotiating interventions in South East Asia: programme
260 ## - PUBLICATION, DISTRIBUTION, ETC. (IMPRINT)
Place of publication Itanagar
Name of publisher Rajiv Gandhi University
Year of publication 2010
300 ## - PHYSICAL DESCRIPTION
Number of Pages 82
942 ## - ADDED ENTRY ELEMENTS (KOHA)
Koha item type Books
Holdings
Withdrawn status Lost status Damaged status Not for loan Home library Current library Date acquired Source of acquisition Bill Date Full call number Accession Number Price effective from Koha item type
        NASSDOC Library NASSDOC Library 14/06/2010 Gifted by : IC Division, ICSSR 2010-05-14 303.406 NEG-I 46325 18/04/2019 Books